Direito internacional público : (Record no. 975)

MARC details
000 -LÍDER
Campo Fixo de Controle 00814nam a2200265 a 4500
001 - NÚMERO DE CONTROLE
Campo de Controle 975
003 - IDENTIFICAÇÃO DO NÚMERO DE CONTROLE
Campo de Controle BR-CuiBMT
005 - DATA E HORA DA ÚLTIMA ATUALIZAÇÃO
Campo de Controle 20231128214650.0
008 - DADOS FIXOS
Dados Fixos 231124s2010 spbab 001 0 por d
020 ## - INTERNATIONAL STANDARD BOOK NUMBER
Nº do ISBN 9788502078307
040 ## - AGÊNCIA CATALOGADORA
Código da Agência Catalogadora BR-CuiBMT
Agência que transcreveu o registro BR-CuiBMT
080 ## - Nº DA CLASSIFICAÇÃO DECIMAL UNIVERSAL
Nº edição CDU 2007
Nº Class. CDU 341.1
090 ## - NÚMERO DE CHAMADA
Nº classificação 341.1
Cutter R467d
Ano/Edição 12. ed.
100 1# - ENTRADA PRINCIPAL -- AUTOR PESSOAL
Nome pessoal Rezek, José Francisco,
Datas associadas ao nome 1944-
245 10 - TÍTULO PRINCIPAL
Título principal Direito internacional público :
Subtítulo curso elementar /
Indicação de responsabilidade Francisco Rezek.
250 ## - EDIÇÃO
Edição 12. ed., rev. e atual.
260 ## - PUBLICAÇÃO, DISTRIBUIÇÃO, ETC.
Local de publicação São Paulo :
Editora Saraiva,
Data 2010.
300 ## - DESCRIÇÃO FÍSICA
N. páginas ou volumes 429 p. :
Ilustrações il. ;
Dimensões 23 cm
504 ## - NOTA DE BIBLIOGRAFIA, ETC.
Nota de bibliografia Inclui bibliografia e índice.
650 ## - ASSUNTO TÓPICO
Cabeçalho tópico ou nome geográfico Direito internacional público
650 ## - ASSUNTO TÓPICO
Cabeçalho tópico ou nome geográfico Conflitos internacionais
650 ## - ASSUNTO TÓPICO
Cabeçalho tópico ou nome geográfico Relações exteriores
Subdivisão geral Tratados
650 ## - ASSUNTO TÓPICO
Cabeçalho tópico ou nome geográfico Relações exteriores
Subdivisão geral Normas
942 ## - ELEMENTOS DE ENTRADA ADICIONAIS (KOHA)
Fonte de classificação ou esquema de arquivamento Classificação Decimal Universal
Tipo de item do Koha Livros
Holdings
Estado: removido Estado: perdido Fonte de classificação ou esquema de arquivamento Estado: danificado Indisponível para empréstimo Localização permanente Localização atual Data de aquisição Total Checkouts Número de Chamada completo Código de barras Date last seen Número do exemplar Preço efetivo a partir de Tipo de item (Koha)
    Classificação Decimal Universal     Biblioteca da Escola Superior de Contas do TCE/MT Biblioteca da Escola Superior de Contas do TCE/MT 24/11/2023   341.1 R467d BIBTCEMT23111042 24/11/2023 Ex. 1 24/11/2023 Livros

Powered by Koha